| 000 | 00538nam a22001697a 4500 | ||
|---|---|---|---|
| 003 | NUST - PNEC | ||
| 005 | 20170116181011.0 | ||
| 008 | 150913b xxu||||| |||| 00| 0 eng d | ||
| 020 | _a0135801435 | ||
| 040 | _cLIBRARY | ||
| 082 | _a621.3916 MET | ||
| 100 |
_910184 _aMetzger, Daniel L. |
||
| 245 |
_aMicrocomputer electronics : a practical approach to hardware, software, troubleshooting, and interfacing _cDaniel L. Metzger |
||
| 260 | _cc.1989 | ||
| 650 |
_910185 _aMicrocomputers--Maintenance and repair _xEL, EE |
||
| 942 |
_2ddc _cBK |
||
| 999 |
_c67099 _d67099 |
||